[Event "Al Mahmud Memorial Probashi Chess-ch 202"]
[Site "Dhaka"]
[Date "2022.02.06"]
[Round "1.1"]
[White "Mollah Abdullah, Al Rakib"]
[Black "Neloy, Debnath"]
[Result "1-0"]
[WhiteElo "2426"]
[BlackElo "1795"]
[Annotator "TA"]
[PlyCount "41"]
[EventDate "2022.02.06"]
[EventCountry "BAN"]
[SourceTitle "playchess.com"]
[Source "ChessBase"]
[SourceQuality "1"]

{[%evp 9,41,18,17,14,16,16,15,0,4,0,2,-5,16,24,39,40,49,17,48,18,34,22,77,66,105,105,104,104,114,100,248,182,180,211]} 1. d4 d5 2. Nf3 Nf6 3. Bg5 h6 4. Bh4 Bf5 5. e3 e6 6. Bd3 {D03: 1 d4 d5 2 Nf3 Nf6 3 Bg5, including Torre Attack with early ...d5.} Bxd3 7. Qxd3 Nbd7 8. Nbd2 {The position is equal.} Be7 9. Bxf6 Bxf6 10. e4 dxe4 11. Nxe4 O-O {[%cal Oc7c5] [#]} 12. O-O-O $146 ({Predecessor:} 12. O-O Be7 13. Rad1 c6 14. c4 Nf6 15. Ne5 Qc7 16. Qe3 Rfd8 17. f4 b6 18. f5 {1-0 (35) Kmiecik,K (2219)-Jimena Bonillo,S (1650) ICCF email 2008}) 12... Rc8 13. Qe3 Nb6 14. h4 Be7 15. Kb1 a5 (15... c5 $11 {keeps the balance.}) 16. g4 {[%cal Bg2g4,Bg4g5][%mdl 32]} a4 17. g5 h5 {[%cal Oa4a3]} 18. Ne5 {Black must now prevent g6.} g6 19. c4 {[%cal Od4d5] White is much more active. Black has bad knights.} Kg7 (19... Nd7 $16) 20. Rhe1 {[%cal Od4d5] Strongly threatening d5!} c6 21. Nc5 {Prevents Nd7.  Weighted Error Value: White=0.13 (very precise) /Black=0.22 (precise)} 1-0

[Event "Al Mahmud Memorial Probashi Chess-ch 202"]
[Site "Dhaka"]
[Date "2022.02.06"]
[Round "1.2"]
[White "Yasin, Arafat"]
[Black "Rahman, Ziaur"]
[Result "0-1"]
[WhiteElo "1794"]
[BlackElo "2417"]
[Annotator "TA"]
[PlyCount "88"]
[EventDate "2022.02.06"]
[EventCountry "BAN"]
[SourceTitle "playchess.com"]
[Source "ChessBase"]
[SourceQuality "1"]

{[%evp 13,88,-25,-27,-56,-56,-78,-74,-88,-91,-66,-49,-75,-102,-98,-88,-106,-116,-111,-108,-136,-140,-175,-162,-189,-138,-138,-132,-144,-92,-122,-107,-158,-114,-157,-150,-154,-137,-146,-127,-240,-183,-208,-154,-277,-279,-279,-279,-339,-288,-317,-301,-342,-318,-359,-326,-331,-320,-311,-321,-326,-326,-325,-318,-307,-314,-342,-314,-349,-360,-442,-441,-445,-445,-792,-650,-1503,-1437]} 1. d4 d6 2. c4 e5 3. dxe5 dxe5 4. Qxd8+ Kxd8 5. Nc3 Be6 6. e4 Nd7 7. Nf3 f6 8. Nd5 {A41: 1 d4 d6: Tartakower System and Modern Defence.} c6 9. Ne3 {[#]} Kc7 $146 ({Predecessor:} 9... Bb4+ 10. Bd2 a5 11. O-O-O Ne7 12. Be2 Kc7 13. Ne1 Nc5 14. f3 h5 15. N1c2 Bxd2+ 16. Rxd2 {0-1 (25) Hossain,M (2196)-Rahman,Z (2511) Dhaka 2008}) 10. Be2 {Black is better.} Nc5 11. Nd2 Rd8 12. O-O Nh6 13. f3 a5 {Black is more active.} (13... Nd3 {is interesting.} 14. Nb3 Nf4 15. Bd1 Nf7 16. g3 Bh3) 14. Nb3 Nxb3 15. axb3 {[#]} b6 16. g4 Nf7 17. Nf5 h5 {[%cal Bh7h5,Bh5h4][%mdl 32]} 18. Be3 {[%cal Oc4c5]} g6 (18... hxg4 $19 19. fxg4 Bxf5 20. exf5 Rh3) 19. Ng3 $17 h4 20. Nh1 f5 (20... Bh6 $142 21. Bxh6 Rxh6) 21. Rfd1 f4 22. Rxd8 (22. Bd2 $142) 22... Nxd8 (22... fxe3 $142 23. Ra8 Bc5 24. Rxh8 Nxh8) 23. Bf2 (23. Bd2 $142) 23... Nb7 24. Kf1 Bc5 25. Rd1 g5 26. h3 (26. Be1 $17) 26... Re8 27. Rd3 Bf7 28. Ke1 (28. Bxc5 $17 {was worth a try.} Nxc5 29. Rc3) 28... Bb4+ $19 29. Kf1 a4 30. bxa4 Bxc4 31. Rd1 Bb3 {[%csl LRa4,LRd1]} 32. Rc1 Ra8 (32... Bxa4 $2 33. Be1 Bxe1 34. Kxe1 $19) 33. Bb5 c5 34. Be1 Bxe1 (34... Bxa4 $2 35. Bxa4 Bxe1 36. Bb3 $19) 35. Kxe1 Nd6 ({Not} 35... Bxa4 36. Ra1 Ra5 37. Bxa4 $19) 36. Nf2 Nxb5 ({Inferior is} 36... Bxa4 37. Bxa4 Rxa4 38. Nd3 $17) 37. axb5 {[%mdl 4096] Endgame KRB-KRN} Ra5 38. Nd3 Kd6 ({Don't blunder} 38... Rxb5 $2 39. Kd2 $19) 39. Kd2 Rxb5 40. Kc3 Ba4 {[#] White must now prevent ...Rb3+.} 41. Kd2 Rb3 {Prevents b4. Hoping for ...Bb5. Black is clearly winning.} 42. Rc3 Rxc3 43. bxc3 Bb5 {...Bxd3 is the strong threat.} 44. Nc1 Bc4 {Inhibits Nb3.  Weighted Error Value: White=0.40/Black=0.09 (flawless)} 0-1

[Event "Al Mahmud Memorial Probashi Chess-ch 202"]
[Site "Dhaka"]
[Date "2022.02.06"]
[Round "1.4"]
[White "Moniruzzaman, Moni"]
[Black "Mohammad Minhaz Uddin"]
[Result "1-0"]
[WhiteElo "1787"]
[BlackElo "2267"]
[Annotator "TA"]
[PlyCount "47"]
[EventDate "2022.02.06"]
[EventCountry "BAN"]
[SourceTitle "playchess.com"]
[Source "ChessBase"]
[SourceQuality "1"]

{[%evp 9,47,0,0,-20,31,18,16,19,26,25,43,45,44,19,1,0,0,14,15,0,21,0,31,-37,52,42,110,112,127,113,108,124,351,322,352,325,471,459,579,601]} 1. Nf3 Nf6 2. c4 e6 3. Nc3 Bb4 4. Qc2 O-O 5. g3 d5 6. Bg2 {A17: English Opening: 1...Nf6 with ...Bb4.} c5 ({Black should try} 6... d4 $11 7. Ne4 Be7) 7. cxd5 exd5 8. O-O {[#] The position is equal.} Re8 $146 ({Predecessor:} 8... Nc6 9. d3 b6 10. Bg5 Bxc3 11. Qxc3 d4 12. Qd2 Bb7 13. Ne5 Nxe5 14. Bxb7 Rb8 {½-½ (53) Xu,Z-Lou,Y (2492) China 2014}) 9. d4 cxd4 10. Nxd4 Nc6 11. Nxc6 (11. Be3 {seems wilder.} Bg4 12. Rac1 Rc8 13. Qb3 Qe7 14. Rfd1) 11... bxc6 12. Rd1 Bg4 13. Be3 Re6 14. a3 Ba5 {[%cal Oe6e3]} 15. b4 Bc7 {[%cal Oe6e3]} (15... Rxe3 $5 16. fxe3 Bb6 $11) 16. Rd2 {[#]} (16. Bd4 $14) 16... Qe8 (16... Rxe3 $1 $15 17. fxe3 Bb6) 17. Bd4 $14 ({Don't go for} 17. Nxd5 $2 cxd5 18. Bd4 (18. Qxc7 $2 Rxe3 19. Bf1 Re7 $19) 18... Be5 19. Bxe5 Rxe5 $19) 17... Bd6 (17... Bb6 $14) 18. b5 $16 {White is more active.} cxb5 19. Bxf6 ({Of course not} 19. Nxd5 $6 Nxd5 20. Bxd5 Rc8 $11) 19... Rxf6 20. Nxd5 {[%cal Bc3d5,Bd5e3,Be3g4][%mdl 32]} Rh6 {[#] Loses the game.} (20... Rg6 $16 {was called for.}) 21. Ne3 $1 $18 Rc8 22. Qd1 ({Not} 22. Nxg4 Rxc2 23. Nxh6+ gxh6 $16) 22... Bc5 (22... Bxe2 $142 23. Rxe2 Bf8) 23. Nxg4 Rg6 {[#]} 24. Rc1 $1 {Weighted Error Value: White=0.12 (very precise) /Black=0.47} 1-0

[Event "Al Mahmud Memorial Probashi Chess-ch 202"]
[Site "Dhaka"]
[Date "2022.02.06"]
[Round "1.5"]
[White "Mehdi Hasan Parag"]
[Black "Wadifa, Ahmed"]
[Result "1-0"]
[WhiteElo "2258"]
[BlackElo "1786"]
[Annotator "TA"]
[PlyCount "67"]
[EventDate "2022.02.06"]
[EventCountry "BAN"]
[SourceTitle "playchess.com"]
[Source "ChessBase"]
[SourceQuality "1"]

{[%evp 19,67,31,55,55,62,47,71,71,76,69,81,90,91,86,102,101,142,104,102,88,248,243,330,328,331,324,392,414,414,404,400,396,393,384,377,372,562,375,466,464,460,462,450,443,747,745,1108,1101,1085,433]} 1. e4 c5 2. Nf3 e6 3. d4 cxd4 4. Nxd4 Nc6 5. Nc3 Qc7 6. g3 a6 7. Bg2 Nf6 8. O-O Be7 9. Re1 O-O 10. Nxc6 bxc6 11. e5 {And now Bg5 would win. B47: Sicilian: Taimanov: 5 Nc3 Qc7 6 f4, 6 g3 and 6 Be2.} Nd5 12. Nb1 {[#]} ({Reject} 12. Nxd5 cxd5 13. Be3 Rb8 $11) 12... d6 $146 ({Predecessor:} 12... f6 13. c4 Nb6 14. Bf4 fxe5 15. Bxe5 d6 16. Bc3 Nxc4 17. Qd4 Ne5 18. f4 c5 {½-½ (66) Hrdina,R (2229)-Dvoirys,S (2505) Pardubice 2019}) 13. c4 {White is better.} Nb6 14. exd6 {White is more active.} Bxd6 15. Qc2 {c5 is the strong threat.} Nd7 16. Nc3 Bc5 17. Ne4 {[%cal Bc3e4,Be4g5,Bg5e6,Be6d4,Bd4c6,Bc6e7,Be7f5,Bf5d6][%mdl 32]} Bd4 (17... Be7 $142) 18. Bf4 e5 {[#]} 19. Rad1 $1 {[%cal Od1d4]} f5 $2 {This move loses the game for Black.} (19... Qa5 $16 {might work better.}) 20. Ng5 $40 {[%mdl 128] White is out for blood.} Qb6 {[#]} 21. Ne6 exf4 22. Nxd4 fxg3 23. hxg3 Nc5 24. Nxc6 {Strongly threatening Ne7+.} Bb7 25. Ne7+ Kh8 26. Bxb7 Qxb7 27. Nxf5 {aiming for Rd5.} Rab8 (27... Qf3 {was called for.} 28. Rd5 Nd3 29. Qxd3 Qxd3 30. Rxd3 Rxf5) 28. b3 Qf7 29. Rd5 {[%cal Bd1d5,Bd5f5,Bf5f8][%mdl 32] White is clearly winning.} Ne6 30. Nd6 Qf6 31. Rf5 ({Less strong is} 31. Rh5 g6 32. Ne4 Qg7 $16) 31... Qe7 (31... Nd4 $142) 32. c5 {Black must now prevent Qe4.} Nd4 33. Rxe7 {White wants to mate with Rxf8+.} Nxc2 34. Rxf8+ {Weighted Error Value: White=0.09 (flawless) /Black=0.39} 1-0

[Event "Al Mahmud Memorial Probashi Chess-ch 202"]
[Site "Dhaka"]
[Date "2022.02.06"]
[Round "1.6"]
[White "Tipu Sultan"]
[Black "Abu Sufian, Shakil"]
[Result "0-1"]
[WhiteElo "1785"]
[BlackElo "2232"]
[Annotator "TA"]
[PlyCount "66"]
[EventDate "2022.02.06"]
[EventCountry "BAN"]
[SourceTitle "playchess.com"]
[Source "ChessBase"]
[SourceQuality "1"]

{[%evp 16,66,0,0,12,0,0,0,0,0,0,0,8,0,0,-7,-10,-5,-12,-16,-6,-12,-13,-8,6,-36,-36,-51,-42,-76,-69,-127,-130,-127,-100,-105,-78,-79,-77,-165,-158,-165,-172,-225,-210,-215,-157,-173,-161,-253,-268,-260,-256]} 1. e4 c6 2. d4 d5 3. exd5 cxd5 4. Nf3 Nc6 5. Nc3 Bg4 6. h3 Bxf3 7. Qxf3 e6 8. Be3 Nf6 9. Bd3 Be7 {B11: Caro-Kann: Two Knights Variation.} 10. Ne2 {[#]} Nb4 $146 ({Predecessor:} 10... Qb6 11. b3 Nb4 12. Bd2 Nxd3+ 13. Qxd3 O-O 14. O-O Rac8 15. c4 Qa6 16. Rfc1 Rfd8 17. Be3 {0-1 (45) Bares,J (1991)-Velicka,P (2434) Kouty nad Desnou 2018}) 11. Nf4 O-O {The position is equal.} 12. c3 Nxd3+ 13. Nxd3 Ne4 14. O-O b5 15. Rfe1 Qb6 16. Ne5 Qb7 {Prevents Nd7.} 17. a3 Rac8 18. Qe2 a5 {[%cal Ba7a5,Ba5b4][%mdl 32]} 19. Nd3 b4 20. axb4 (20. cxb4 $1 $11 {might be stronger.} axb4 21. a4) 20... axb4 $15 21. f3 Ng3 22. Qf2 Nf5 {[#] Threatens to win with ...Bh4.} 23. Qd2 (23. Rec1 $15) 23... bxc3 $17 24. bxc3 Qb3 25. Rac1 Ba3 {[%cal Be7a3,Ba3b2,Bb2d4][%mdl 32] Black is more active.} 26. Rc2 Nd6 $36 {[%mdl 2048] Black is in control.} 27. Qd1 (27. Nc1 $17 Bxc1 28. Rexc1) 27... Rxc3 $19 28. Rxc3 Qxc3 29. Ne5 (29. Re2 {was necessary.}) 29... Nf5 30. Bf2 Bb2 {[%cal Rf5d4]} 31. Re2 Ra8 {[#] ...Ra1 is the strong threat.} 32. Qc2 (32. Rc2 {keeps fighting.} Qa3 33. Kh1) 32... Qxc2 ({Worse is} 32... Nxd4 33. Qxb2 Nxe2+ 34. Qxe2 $17) 33. Rxc2 Bxd4 {Weighted Error Value: White=0.18 (very precise) /Black=0.07 (flawless)} 0-1

[Event "Al Mahmud Memorial Probashi Chess-ch 202"]
[Site "Dhaka"]
[Date "2022.02.06"]
[Round "1.8"]
[White "Sajidul, Haque"]
[Black "Manon, Reja Neer"]
[Result "0-1"]
[WhiteElo "1766"]
[BlackElo "2209"]
[Annotator "TA"]
[PlyCount "78"]
[EventDate "2022.02.06"]
[EventCountry "BAN"]
[SourceTitle "playchess.com"]
[Source "ChessBase"]
[SourceQuality "1"]

{[%evp 16,77,14,0,21,0,6,0,0,-6,0,0,-7,-17,-22,-22,-26,-28,-23,-70,-49,-265,-220,-213,-215,-219,-231,-221,-192,-195,-182,-231,-222,-231,-213,-224,-231,-222,-185,-233,-226,-206,0,-229,-179,-244,-244,-237,-233,-304,-304,-318,-231,-271,-263,-384,-372,-684,-681,-684,-678,-656,-652,-29999]} 1. e4 c6 2. d4 d5 3. Nc3 dxe4 4. Nxe4 Nf6 5. Nxf6+ exf6 6. Bc4 Bd6 7. Ne2 O-O 8. O-O Qc7 9. Ng3 Re8 {B15: Caro-Kann: 3 Nc3: 3...g6 and 3...dxe4 4 Nxe4 Nf6 5 Nxf6+ exf6.} 10. c3 Be6 11. Re1 Nd7 {The position is equal.} 12. Bd3 Nf8 {[#]} 13. Bd2 $146 ({Predecessor:} 13. Be3 f5 14. Bd2 Bf4 15. Qc1 Bd6 16. Qd1 Bf4 17. Bxf4 Qxf4 18. Nh5 Qg5 19. Ng3 {½-½ (75) Maros,M (2245)-Kral,P (2230) Slovakia 1996}) 13... Rad8 14. Qc2 c5 15. dxc5 Bxc5 16. Ne4 Bb6 {[#] Hoping for ...Qd7.} 17. Bb5 {To avoid Qd7} (17. Be3 $11 {feels stronger.}) 17... Re7 $15 18. Rad1 $2 (18. Be3 $15) 18... f5 ({And not} 18... Bxa2 19. Bf1 $17) 19. Bg5 {Threatens to win with Rxd8.} Rxd1 20. Rxd1 fxe4 21. Bxe7 Qxe7 22. Qxe4 Bxf2+ {A strong pair of Bishops.} 23. Kh1 (23. Kxf2 $142 Qc5+ 24. Qd4 Qxb5 25. b3) 23... Bb6 $19 24. Bc4 Qc7 25. Bxe6 Nxe6 ({Inferior is} 25... fxe6 26. a3 $17) 26. Qd5 h6 27. Qf5 (27. Qd6 {keeps fighting.}) 27... Bc5 28. Qd5 Bb6 $2 (28... Qb6 $19 29. b3 Qa6) 29. Rf1 $2 (29. Qf5 $1 $11) 29... a6 30. Qf5 (30. Rd1 {was worth a try.}) 30... Bc5 31. Qd5 Bd6 32. Qh5 Ng5 33. Qh4 Qb6 34. b3 Qc5 35. Rc1 (35. Qd4 {might work better.}) 35... Qe3 36. Qe1 (36. Rf1) 36... Qf4 {[%csl Gd6][%cal Rf4h2] [#]} 37. Qg1 Ne4 {( -> ...Nf2+)} 38. Rf1 {Prevents Nf2+.} Qh4 {[%csl Gd6,Gh4][%cal Re4g3]} 39. Qd4 Qxh2# {Weighted Error Value: White=0.67/Black=0.16 (very precise)} 0-1

[Event "Al Mahmud Memorial Probashi Chess-ch 202"]
[Site "Dhaka"]
[Date "2022.02.06"]
[Round "1.9"]
[White "Subrota, Biswas"]
[Black "Rahman, A.B.M. Mahbubur"]
[Result "1-0"]
[WhiteElo "2202"]
[BlackElo "1942"]
[Annotator "TA"]
[PlyCount "67"]
[EventDate "2022.02.06"]
[EventCountry "BAN"]
[SourceTitle "playchess.com"]
[Source "ChessBase"]
[SourceQuality "1"]

{[%evp 24,67,37,43,41,38,43,35,48,45,74,75,84,77,81,61,66,69,66,46,36,0,0,0,47,47,37,25,26,29,43,14,122,114,131,20,43,82,167,183,238,231,462,377,12842,12842]} 1. e4 c5 2. Nf3 d6 3. d4 cxd4 4. Nxd4 Nf6 5. Nc3 g6 6. Be3 Bg7 7. f3 Nc6 8. Qd2 O-O 9. Bc4 Bd7 10. O-O-O Rc8 11. Bb3 Nxd4 {is currently scoring better than 11...Ne5.} 12. Bxd4 b5 13. Nd5 Nxd5 $1 {B78: Sicilian Dragon: Yugoslav Attack, 9 Bc4 Bd7 10 0-0-0 Rc8.} 14. Bxg7 $1 Kxg7 15. exd5 a5 {White is slightly better.} 16. a3 $1 b4 17. axb4 axb4 18. Qxb4 Rb8 19. Qc3+ Kg8 20. Rhe1 Re8 {[#]} 21. h4 $146 {White is more active.} ({Predecessor:} 21. Re4 Bf5 22. Ra4 Qb6 23. Qd4 Qb5 24. Qc4 Qb7 25. Qc6 Rec8 26. Qxb7 Rxb7 27. Kd2 Rxb3 28. cxb3 {1-0 (44) Shirov,A (2662)-Manukyan,S (2244) Chess.com INT 2020}) 21... Qb6 22. Qd4 Qa5 {aiming for ...Rb4.} 23. Qc3 (23. Bc4 $11 {is more appropriate.}) 23... Qb6 $14 24. Rd4 $1 Rec8 25. Bc4 Bb5 $1 26. b3 $36 {[%mdl 2048] White has some pressure.} Rc7 27. h5 Rbc8 (27... gxh5 $11 28. Ree4 f6) 28. hxg6 $16 fxg6 29. Rh1 (29. Rh4 $1 $16 {[%cal Rh4h7] Black must now prevent Rxh7!} Bxc4 30. Rxh7 $1 (30. Rxc4 Rxc4 31. bxc4 Rc7 $16)) 29... Bxc4 $1 $11 30. bxc4 e5 (30... Rb8 $16 {was necessary.} 31. Kd2 Ra7) 31. dxe6 $18 d5 {[#]} (31... Ra8 {is a better defense.} 32. Rg4 Rg7) 32. Re1 $1 {Threatens to win with e7.} (32. Rxd5 $2 Rxc4 33. Qd3 Rxc2+ 34. Qxc2 Rxc2+ 35. Kxc2 Qc6+ 36. Kb2 Qxd5 $19) 32... Rxc4 $2 (32... Qa7 33. e7 (33. Rxd5 Rxc4 34. Rd8+ Rxd8 $16) 33... Rxe7 34. Rxe7 (34. Rxd5 Rxe1+ 35. Qxe1 Qa1+ 36. Kd2 Qxe1+ 37. Kxe1 Rxc4 $16) 34... Qxe7 35. Rxd5 Qf7) 33. Rxc4 Rxc4 {[#]} (33... dxc4 34. e7 (34. Qf6 Qf2 $16) 34... Qb5) 34. Qxc4 $3 {[%mdl 512] Weighted Error Value: White=0.15 (very precise) /Black=0.27 (precise)} 1-0

[Event "Al Mahmud Memorial Probashi Chess-ch 202"]
[Site "Dhaka"]
[Date "2022.02.06"]
[Round "1.10"]
[White "Dil Mohammed"]
[Black "Anata, Choudhury"]
[Result "1/2-1/2"]
[WhiteElo "1752"]
[BlackElo "2170"]
[Annotator "TA"]
[PlyCount "115"]
[EventDate "2022.02.06"]
[EventCountry "BAN"]
[SourceTitle "playchess.com"]
[Source "ChessBase"]
[SourceQuality "1"]

{[%evp 24,115,-25,-26,0,-27,0,0,0,0,9,25,18,16,12,10,16,22,22,21,25,0,0,0,0,0,0,0,0,0,0,0,0,0,0,0,0,0,0,0,0,0,0,0,16,0,0,0,0,0,0,0,0,0,0,0,0,0,0,0,0,0,0,0,0,0,0,0,-3,-39,-33,-33,0,0,0,0,0,0,0,0,0,0,0,0,-28000,-28000,-28000,-28000,-28000,-28000,-28000,-28000,-28000,-28000]} 1. e4 c5 2. c4 Nc6 3. Nc3 g6 4. g3 Bg7 5. Bg2 d6 6. Nge2 e6 7. O-O Nge7 8. d3 O-O 9. Rb1 b6 10. a3 Bb7 11. Be3 Nd4 12. b4 {[%cal Bb2b4,Bb4c5][%mdl 32]} Qd7 13. Qd2 Rac8 {A36: Symmetrical English vs ...g6: 4 Bg2 Bg7.} 14. f4 d5 (14... f5 {is more complex.} 15. Rfd1 Nec6 16. Rdc1 Nxe2+ 17. Nxe2 e5) 15. cxd5 exd5 {[%cal Oc5b4] The position is equal.} 16. bxc5 dxe4 {[#] Strongly threatening ...Nf3+.} 17. Nxd4 $146 ({Predecessor:} 17. Nxe4 Nef5 18. Bf2 Bxe4 19. Bxe4 Rxc5 20. Nxd4 Bxd4 21. Bxf5 Rxf5 22. g4 Bxf2+ 23. Rxf2 {0-1 (58) Carlstedt,J (2352)-Mueller,R (2414) Wiesbaden 2012}) 17... Bxd4 18. Nxe4 Bxe4 19. dxe4 Bxe3+ 20. Qxe3 Rxc5 21. Rfd1 Qc7 22. Rd3 Rd8 23. Rxd8+ Qxd8 24. h3 Qc7 25. Rb3 {Prevents Rc3.} Rc2 26. Rd3 b5 27. h4 a5 28. h5 gxh5 29. f5 Qc5 30. Qxc5 Rxc5 $11 {[%mdl 4096] Endgame KRB-KRN} 31. f6 {[%cal Rd3d8] [#]} Ng6 32. Rd8+ Nf8 33. Ra8 a4 34. Rb8 h6 35. Bf1 Rc3 {[%csl LRa3,LRg3]} 36. Kf2 Rxa3 37. Rxb5 Rb3 38. Ra5 a3 39. Bc4 Rc3 40. Bd5 Nd7 41. e5 {Threatens to win with Ra8+.} Nxe5 {...Ng4+ is the strong threat.} 42. Ra8+ Kh7 43. Be4+ Ng6 44. Ra7 Kg8 45. Ra8+ Nf8 46. Bd5 Rd3 47. Ra5 Rc3 (47... a2 $5 48. Bxa2 Rd6 $15) 48. Ra7 Rc5 49. Bxf7+ Kh8 50. Rxa3 Rf5+ 51. Rf3 Rxf3+ 52. Kxf3 {KB-KN} Nd7 {White must now prevent ...Ne5+.} 53. Bxh5 $2 {[%mdl 8192]} (53. Kf4 $11 Nxf6 54. Be6) 53... Nxf6 54. Bg6 {Mate.} Kg7 55. Bc2 Nh5 56. g4 Nf6 57. Ba4 Nxg4 58. Ke4 {[%mdl 32768] Weighted Error Value: White=0.02 (flawless) /Black=0.03 (flawless) . An unexpected result.} 1/2-1/2

[Event "Al Mahmud Memorial Probashi Chess-ch 202"]
[Site "Dhaka"]
[Date "2022.02.06"]
[Round "2.1"]
[White "Rahman, Saimon Siddiqur"]
[Black "Mollah Abdullah, Al Rakib"]
[Result "0-1"]
[WhiteElo "1983"]
[BlackElo "2426"]
[Annotator "TA"]
[PlyCount "90"]
[EventDate "2022.02.06"]
[EventCountry "BAN"]
[SourceTitle "playchess.com"]
[Source "ChessBase"]
[SourceQuality "1"]

{[%evp 15,90,20,25,-24,-20,-19,-15,-16,-14,-41,-43,-89,-88,-111,-118,-127,-126,-106,-102,-152,-136,-142,-139,-146,-157,-153,-154,-145,-115,-127,-123,-150,-153,-160,-122,-93,-99,-96,0,0,0,0,0,0,0,-306,-290,-557,-489,-479,-479,-479,-479,-479,-458,-580,-453,-714,-706,-690,-681,-686,-578,-575,-570,-732,-733,-764,-620,-758,-758,-920,-756,-845,-817,-5297,-1950]} 1. d4 Nf6 2. c4 d6 3. Nc3 Bf5 4. Nf3 g6 5. g3 Bg7 6. Bg2 c6 7. O-O O-O 8. Re1 Ne4 9. Nh4 {E62: King's Indian: Fianchetto: 6...c6 and Panno Variation (6...Nc6) without ...a6.} (9. Qb3 {feels stronger.}) 9... Nxc3 $11 10. bxc3 Be6 11. Qd3 {The position is equal.} Nd7 {[#]} 12. Be3 $146 (12. Nf3 $5 {[%cal Rf3g5]}) ({Predecessor:} 12. e4 Nb6 13. d5 Bd7 14. Be3 Rc8 15. Rac1 cxd5 16. cxd5 Qc7 17. Bd4 Bxd4 18. Qxd4 {1-0 (38) Korpa,B (2417)-Sedlak,N (2558) Graz 2015}) 12... Qa5 13. Rec1 (13. Nf3 $15 {deserves consideration.}) 13... Qa6 14. d5 {[#]} Ne5 $1 {[%csl LRc4,LRd3]} 15. Qc2 Bg4 16. dxc6 bxc6 17. h3 (17. Bd4 $142) 17... Bd7 $17 18. c5 Nc4 19. Qd3 d5 20. f4 e5 21. fxe5 Qa5 22. Bd4 Nxe5 (22... Bxe5 23. e4 $11) 23. Qd1 Rfe8 {[%cal Bf8e8,Be8e7,Be7e4][%mdl 32]} 24. Kh2 Re7 {Black is more active.} 25. e4 dxe4 26. Bxe4 Ng4+ 27. hxg4 $11 {aiming for Bf3.} Rxe4 28. Bxg7 $1 Bxg4 29. Qd3 Re2+ 30. Ng2 $2 {[%mdl 8192] Black keeps a firm grip on the game.} ({Don't play} 30. Kh1 Kxg7 31. Qd4+ Kg8 32. Qxg4 Rae8 $14) (30. Kg1 $11 Kxg7 31. Qd4+ Kg8 32. Qxg4 Qxc5+ 33. Kh1 (33. Qd4 Qe7 $11)) 30... Qxc5 $19 {The board is on fire.} 31. Bd4 $2 (31. Re1 {might work better.} Rxe1 32. Rxe1 Kxg7 33. Re4) 31... Qd5 {[%csl Ge2][%cal Rd5g2] Black is clearly winning.} 32. Qxe2 Bxe2 33. Nf4 Qf5 {[%cal Oc6c5]} 34. Re1 Bf3 35. Re3 Qc2+ 36. Kh3 {[#]} (36. Kg1 $142 c5 37. Rxf3 cxd4 38. cxd4) 36... c5 $1 37. Rxf3 cxd4 38. cxd4 Qe4 39. Raf1 Qxd4 {White must now prevent ...g5.} 40. Ng2 Qd5 41. a3 Re8 {...Qh5+ is the strong threat.} 42. Ne3 Qd7+ 43. g4 Re4 {Hoping for ...Qe6.} 44. Kg3 Qe7 45. Nd5 Qe5+ {Weighted Error Value: White=0.56/Black=0.19 (very precise)} (45... Qd6+ $142 46. Rf4 Qxd5 47. Rxe4 Qxe4) 0-1

[Event "Al Mahmud Memorial Probashi Chess-ch 202"]
[Site "Dhaka"]
[Date "2022.02.06"]
[Round "2.2"]
[White "Rahman, Ziaur"]
[Black "Mortuza Mahathir, Islam"]
[Result "1-0"]
[WhiteElo "2417"]
[BlackElo "1877"]
[Annotator "TA"]
[PlyCount "56"]
[EventDate "2022.02.06"]
[EventCountry "BAN"]
[SourceTitle "playchess.com"]
[Source "ChessBase"]
[SourceQuality "1"]

{[%evp 11,56,12,34,41,35,40,59,33,29,37,29,29,32,36,48,51,49,39,69,67,59,63,100,88,145,153,180,177,184,180,168,158,166,175,350,92,87,102,153,200,316,313,922,888,833,797,1016]} 1. Nf3 c5 2. b3 Nc6 3. Bb2 d5 4. e3 Nf6 5. Bb5 Bg4 6. h3 Bh5 7. g4 {A06: Réti Opening: 1 Nf3 d5.} Bg6 8. Ne5 Qd6 9. d3 {White is slightly better.} (9. Nxg6 hxg6 10. d3 e5 $11) 9... Nd7 10. Bxc6 bxc6 11. Nxd7 Qxd7 12. Nd2 $36 {[%mdl 2048] White fights for an advantage.} e6 13. Qe2 f6 {[%cal Oc5c4]} 14. O-O-O {[#]} a5 $146 ({Predecessor:} 14... Be7 15. f4 O-O 16. h4 f5 17. h5 Bf7 18. g5 Rfb8 19. g6 Be8 20. gxh7+ Kxh7 21. Rdg1 Bf6 22. Bxf6 gxf6 23. h6 Bg6 24. Rxg6 Kxg6 25. Rg1+ {1-0 (25) Tremoehlen,T (1986)-Siegismund,F (1784) Wiesbaden 2017}) 15. a4 Bd6 16. f4 O-O 17. h4 c4 (17... Qe7 $142) 18. dxc4 $16 Qe7 19. h5 Be8 20. Nf3 Ba3 21. e4 Qb4 22. h6 {[#] aiming for hxg7.} Bf7 $2 (22... dxc4 23. Qxc4 Qxc4 24. bxc4 Bxb2+ 25. Kxb2 gxh6) 23. Bxa3 $2 (23. hxg7 $18 Rfb8 24. Nd2) 23... Qxa3+ 24. Kb1 dxc4 ({Black should try} 24... Rfb8 25. cxd5 cxd5) 25. Qxc4 {Strongly threatening hxg7.} Rab8 (25... e5 $142 26. Qc3 (26. Qxc6 $2 Bxb3 27. Rd3 Qa2+ 28. Kc1 Rfc8 $19) 26... Rab8) 26. hxg7 $18 {Active counter play!} e5 $2 {[#]} (26... Rfe8 27. Rd7 (27. Qxc6 Rec8 $17) 27... Rb4) 27. gxf8=Q+ Kxf8 28. Qd3 Kg8 {Weighted Error Value: White=0.27 (precise) /Black=0.33} 1-0